| 000 | 00517nam a2200193Ia 4500 | ||
|---|---|---|---|
| 008 | 151121s9999||||xx |||||||||||||| ||und|| | ||
| 082 | _a334/ | ||
| 082 | _bHNW-14476 | ||
| 100 | _aPublisher | ||
| 245 | _aAnnual Administration Report।। - Vol -1 | ||
| 260 | _bGovt। Of Bombay। | ||
| 260 | _c-- | ||
| 300 | _a204 | ||
| 600 | _aPublisher | ||
| 630 | _aAnnual Administration Report।। - Vol -1 | ||
| 700 | _aPublisher | ||
| 730 | _aAnnual Administration Report।। - Vol -1 | ||
| 942 | _cBOOK | ||
| 999 |
_c1218148 _d1218145 |
||